| 000 | 00419 a2200109 4500 | ||
|---|---|---|---|
| 001 | ART_15807 | ||
| 005 | 20260410161918.0 | ||
| 008 | 260409a | ||
| 245 | 1 | 0 | _aCuestiones ambientales en informes financieros bajo normas internacionales de información financiera: |
| 100 | 1 | _aFronti de García, Luisa | |
| 773 | 0 |
_tDocumentos de trabajo de contabilidad social _g- Año 4, Nº 2 (dic. 2011) _wREV14388 |
|
| 999 |
_c27484 _d27484 |
||